| 000 | 00684nam a22001577a 4500 | ||
|---|---|---|---|
| 020 | _a9781847941831 | ||
| 040 | _cNUST | ||
| 082 | _a155.24,CLE | ||
| 100 |
_aClear James _9134441 |
||
| 245 |
_aAtomic habits: _ban easy & proven to build good habits & break bad ones / |
||
| 260 |
_aUK _bPenguin Random House _c2018 |
||
| 300 | _a306 p.; | ||
| 505 | _aIntroduction (Page-10, The 1st Law, Make it Obvious (Page-59), The 2nd Law, Make it Attractive (Page-101), The 3rd Law, Make it Easy (Page-141), The 4th Law, Make it Stisfying (Page-183), Advance Tactics (Page-217) Appendix (Page-257). | ||
| 650 |
_acomprehensive guide to self-improvement _9134442 |
||
| 942 |
_2ddc _cBK _k155.24,CLE |
||
| 999 |
_c617438 _d617438 |
||